Communal Problem (Record no. 5128)

MARC details
000 -LEADER
fixed length control field 00640cam a2200205ua 4500
001 - CONTROL NUMBER
control field 5979
005 - DATE AND TIME OF LATEST TRANSACTION
control field 20260515113949.0
008 - FIXED-LENGTH DATA ELEMENTS--GENERAL INFORMATION
fixed length control field 131030n ii |||gr||||Z||||||eng
020 ## - INTERNATIONAL STANDARD BOOK NUMBER
International Standard Book Number 81-237-4573-7
040 ## - CATALOGING SOURCE
Transcribing agency MAIN
082 ## - DEWEY DECIMAL CLASSIFICATION NUMBER
Classification number 302.14
100 ## - MAIN ENTRY--PERSONAL NAME
Personal name Report Of The Committee.
245 ## - TITLE STATEMENT
Title Communal Problem
Statement of responsibility, etc. by Report Of The Committee
250 ## - EDITION STATEMENT
Edition statement 1st. /
Remainder of edition statement Report of the committee appointed by the Indian National Congress (Karachi session 1931) to enquire into the Kanpur Riots of March 1931.
260 ## - PUBLICATION, DISTRIBUTION, ETC.
Place of publication, distribution, etc. Delhi:
Name of publisher, distributor, etc. National Book Trust,
Date of publication, distribution, etc. 2005.
300 ## - PHYSICAL DESCRIPTION
Extent 215p.
653 ## - INDEX TERM--UNCONTROLLED
Uncontrolled term Sociology
653 ## - INDEX TERM--UNCONTROLLED
Uncontrolled term Communal Problem
942 ## - ADDED ENTRY ELEMENTS (KOHA)
Koha item type Books
Holdings
Withdrawn status Lost status Damaged status Not for loan Home library Current library Shelving location Date acquired Total checkouts Full call number Barcode Date last seen Copy number Price effective from Koha item type
        Naharkatiya College Library Naharkatiya College Library General stacks 09/19/2020   302.14 | COM 16419 09/19/2020 1 09/19/2020 Books
        Naharkatiya College Library Naharkatiya College Library General stacks 09/19/2020   302.14 | COM 16783 09/19/2020 2 09/19/2020 Books